| 000 | 00762nam a22002537a 4500 | ||
|---|---|---|---|
| 999 |
_c28142 _d28113 |
||
| 003 | EG-ScBUE | ||
| 005 | 20200218114645.0 | ||
| 008 | 200218s2014 ii f 000 0 eng d | ||
| 020 | _a8187815167 | ||
| 040 |
_aEG-ScBUE _beng _erda _cEG-ScBUE _dEG-ScBUE |
||
| 082 | 0 | 4 |
_a543.65 _bSET _222 |
| 100 | 1 |
_aSethi, Pankaj, _eauthor. _938070 |
|
| 245 | 1 | 0 |
_aMass spectrometry / _cPankaj Sethi. |
| 264 | 1 |
_aNew Delhi : _bCampus Books International, _c2014. |
|
| 300 |
_aviii, 296 pages ; _c24 cm |
||
| 336 |
_2rdacontent _atext _btxt |
||
| 337 |
_2rdamedia _aunmediated _bn |
||
| 338 |
_2rdacarrier _avolume _bnc |
||
| 650 | 7 |
_aMass spectrometry. _2BUEsh |
|
| 653 |
_bPPhrm _cFebruary2020 |
||
| 655 |
_vReading book _934232 |
||
| 942 |
_2ddc _cBB |
||